logo

Bir Sreshtho Munshi Abdur Rouf Library
Jhenaidah Cadet College

A War Like No other : (Record no. 4728)

MARC details
000 -LEADER
fixed length control field 00740nam a2200253 a 4500
001 - CONTROL NUMBER
JCCL Control Number 4728
003 - CONTROL NUMBER IDENTIFIER
JCCL marc code BD-JhCC
005 - DATE AND TIME OF LATEST TRANSACTION
control field 20211111134021.0
008 - FIXED-LENGTH DATA ELEMENTS--GENERAL INFORMATION
fixed length control field 171130s2007 u |||| || | 001 0 eng d
020 ## - INTERNATIONAL STANDARD BOOK NUMBER
International Standard Book Number 9780471986775
035 ## - SYSTEM CONTROL NUMBER
system control number (BD-JhCC)4728
040 ## - CATALOGING SOURCE
Original cataloging agency BD-JhCC
Modifying agency BD-JhCC
041 ## - LANGUAGE CODE
Language code of Book eng
082 ## - DEWEY DECIMAL CLASSIFICATION NUMBER
Classification number 355.033551
Author mark and Year BUS 2007
100 ## - MAIN ENTRY--PERSONAL NAME
Personal name Bush, Richard C.
245 ## - TITLE STATEMENT
Title A War Like No other :
Remainder of title The Truth about Chaina's Challenge to America /
Statement of responsibility, etc Richard C. Bush; Michael E. O' Hanlon
260 ## - PUBLICATION, DISTRIBUTION, ETC. (IMPRINT)
Place of publication, distribution, etc New Jersey :
Name of publisher, distributor, etc John Wiley & Son, Inc,
Date of publication, distribution, etc 2007.
300 ## - PHYSICAL DESCRIPTION
Pagination 232 p. :
Dimensions 23 cm.
504 ## - BIBLIOGRAPHY, ETC. NOTE
Bibliography, etc Includes Index
650 ## - SUBJECT ADDED ENTRY--TOPICAL TERM
Topical term or geographic name as entry element Military Policy
Geographic subdivision China
-- America
700 ## - ADDED ENTRY--PERSONAL NAME
Personal name O'Hanlon, Michael E.
942 ## - ADDED ENTRY ELEMENTS (KOHA)
Source of classification or shelving scheme Dewey Decimal Classification
Koha item type Books
Koha issues (borrowed), all copies 2
Holdings
Source of classification or shelving scheme Damaged status Not for loan Home library Current library Shelving location Date of accession Total Checkouts Full call number Barcode Date last seen Date checked out Copy number Koha item type
Dewey Decimal Classification     JCC Rouf Library JCC Rouf Library General Stacks 11/30/2017 2 355.033551 BUS 2007 6733 11/13/2021 11/11/2021 C-1 Books

JCC Library | Contacts | JCC Home

Last Update on 23 September 2017
Copyright @ 2017-2020 JCC Rouf Library
Rouf Library, Jhenidah Cadet College (JCC), Bangladesh